Statistiques concernant Villes les plus désirées par les riches

Cliquez ici pour prendre le quiz!

Statistiques générales

  • Ce quiz a été pris 224 fois
    (12 depuis la dernière actualisation)
  • Le résultat moyen est 5 sur 10

Statistiques - réponses

ClassementRéponse% Correct
6Londres
100%
3New York
100%
5Paris
100%
4Madrid
75%
9Rome
67%
1Dubaï
50%
2Miami
25%
8Lisbonne
17%
10Istanbul
8%
7Austin (Texas)
0%

Distribution des résultats

Percentile par nombre de réponses

% des personnes avec chaque résultat

Votre développement - résultats

Vous n’avez pas pris ce quiz depuis la dernière actualisation